[Event "GRENKE Chess Open 2017"]
[Site "Karlsruhe GER"]
[Date "2017.04.17"]
[Round "9.14"]
[White "Potkin,V"]
[Black "Pijpers,A"]
[Result "1-0"]
[WhiteElo "2594"]
[BlackElo "2457"]

1.Nf3 g6 2.e4 c5 3.c3 Bg7 4.d4 cxd4 5.cxd4 d5 6.e5 Nh6 7.h3 O-O 8.Nc3 Nc6
9.Bb5 f6 10.exf6 exf6 11.O-O Be6 12.Re1 Bf7 13.Bf4 Nf5 14.Na4 Qa5 15.Bxc6 bxc6
16.g4 Bh6 17.Bxh6 Nxh6 18.Nc5 Rfe8 19.Nd7 Qd8 20.Nc5 Qd6 21.Qd2 Kg7 22.Kg2 Ng8
23.Rxe8 Rxe8 24.Re1 Ne7 25.Qa5 Qb8 26.Na6 Qxb2 27.Nc7 Qb7 28.Nxe8+ Bxe8 29.Qd8
Kf7 30.Qd6 Qd7 31.Qxd7 Bxd7 32.Rb1 Bc8 33.Rb8 g5 34.Ra8 a6 35.Ne1 Kg6 36.Ra7
{#r} 1-0

[Event "GRENKE Chess Open 2017"]
[Site "Karlsruhe GER"]
[Date "2017.04.17"]
[Round "9.15"]
[White "Erdos,V"]
[Black "Hansen,TR"]
[Result "1-0"]
[WhiteElo "2593"]
[BlackElo "2442"]

1.Nf3 Nf6 2.c4 e6 3.d4 d5 4.e3 Be7 5.Nc3 O-O 6.b3 b6 7.cxd5 Nxd5 8.Nxd5 exd5
9.Bd3 c5 10.Qc2 h6 11.O-O Nc6 12.Ba3 Bg4 13.dxc5 Bxf3 14.gxf3 Ne5 15.Be2 bxc5
16.Rad1 Qd6 17.Bxc5 Qxc5 18.Qxc5 Bxc5 19.Rxd5 Nxf3+ 20.Bxf3 Bb6 21.a4 Rad8
22.Rb5 Rd7 23.Rc1 f5 24.a5 Bd8 25.Rd5 Rc7 26.Rxc7 Bxc7 27.b4 Rb8 28.Rd7 Be5
29.Bd5+ Kh7 30.Rxa7 Rxb4 31.a6 Ra4 32.Ra8 Bd6 33.h3 g5 34.Kg2 h5 35.Bg8+ Kh6
36.Bb3 Ra3 37.a7 {#r} 1-0

[Event "GRENKE Chess Open 2017"]
[Site "Karlsruhe GER"]
[Date "2017.04.17"]
[Round "9.17"]
[White "Kulaots,K"]
[Black "Nasuta,G"]
[Result "1-0"]
[WhiteElo "2588"]
[BlackElo "2447"]

1.e4 c5 2.Nf3 d6 3.d4 cxd4 4.Nxd4 Nf6 5.Nc3 a6 6.h3 e6 7.g4 Nfd7 8.Be3 b5 9.a3
Bb7 10.g5 Nc6 11.h4 Na5 12.h5 Rc8 13.Rg1 g6 14.Qg4 Ne5 15.Qh3 Bg7 16.h6 Bf8
17.f4 Nec4 18.O-O-O Qc7 19.Nxe6 fxe6 20.Qxe6+ Qe7 21.Qh3 Nxe3 22.Qxe3 Qf7
23.Nd5 Bxd5 24.exd5+ Be7 25.Bh3 Rc4 26.Rgf1 {#r} 1-0

[Event "GRENKE Chess Open 2017"]
[Site "Karlsruhe GER"]
[Date "2017.04.17"]
[Round "9.20"]
[White "Barski,R"]
[Black "Donchenko,Alexa"]
[Result "0-1"]
[WhiteElo "2407"]
[BlackElo "2554"]

1.e4 c6 2.d4 d5 3.e5 Bf5 4.Nf3 e6 5.Be2 Nd7 6.O-O Ne7 7.a4 Nc8 8.a5 Be7 9.Nbd2
a6 10.c3 O-O 11.b4 f6 12.Re1 Qc7 13.Bf1 Na7 14.Bb2 Rf7 15.Qb3 Raf8 16.c4 Qb8
17.Rac1 Kh8 18.b5 fxe5 19.b6 e4 20.bxa7 Qxa7 21.cxd5 exd5 22.Ne5 Nxe5 23.dxe5
Bg5 24.Qb4 c5 25.Qxc5 Qxc5 26.Rxc5 Bxd2 27.Re2 Bb4 28.Rxd5 Be6 29.Rd4 Bc5
30.Rc2 Bxd4 31.Bxd4 Rd7 {#R} 0-1

[Event "GRENKE Chess Open 2017"]
[Site "Karlsruhe GER"]
[Date "2017.04.17"]
[Round "9.21"]
[White "Martinovic,Sa"]
[Black "Beikert,G"]
[Result "1-0"]
[WhiteElo "2551"]
[BlackElo "2408"]

1.d4 d5 2.c4 c6 3.Nc3 Nf6 4.e3 e6 5.Nf3 Nbd7 6.Qc2 b6 7.Bd3 Bb7 8.O-O Bd6 9.e4
dxe4 10.Nxe4 Nxe4 11.Bxe4 Qc7 12.Re1 O-O-O 13.c5 bxc5 14.Be3 cxd4 15.Nxd4 Nf6
16.Bxc6 Kb8 17.Rac1 Bxh2+ 18.Kh1 Rxd4 19.Bxd4 Bf4 20.Qa4 {#r} 1-0

[Event "GRENKE Chess Open 2017"]
[Site "Karlsruhe GER"]
[Date "2017.04.17"]
[Round "9.22"]
[White "Buhmann,R"]
[Black "Chernov,Va"]
[Result "1-0"]
[WhiteElo "2609"]
[BlackElo "2391"]

1.Nf3 Nf6 2.c4 Nc6 3.d4 e6 4.g3 Bb4+ 5.Bd2 Qe7 6.Nc3 O-O 7.Bg2 Na5 8.c5 Nc6
9.O-O d6 10.cxd6 cxd6 11.Rc1 h6 12.a3 Bxc3 13.Bxc3 a5 14.Re1 Bd7 15.e4 d5
16.Nd2 dxe4 17.Nxe4 Nxe4 18.Bxe4 Qg5 19.h4 Qb5 20.d5 exd5 21.Bxd5 Rad8 22.Qh5
Qd3 23.Be4 Qd6 24.Rcd1 Qc7 25.Bd5 Rde8 26.Rxe8 Bxe8 27.Qg4 {#r} 1-0

[Event "GRENKE Chess Open 2017"]
[Site "Karlsruhe GER"]
[Date "2017.04.17"]
[Round "9.26"]
[White "Saptarshi,R"]
[Black "Svetushkin,D"]
[Result "0-1"]
[WhiteElo "2425"]
[BlackElo "2574"]

1.d4 Nf6 2.Nc3 d5 3.Bg5 c6 4.Nf3 Bf5 5.e3 Nbd7 6.Bd3 Bxd3 7.cxd3 h6 8.Bh4 e6
9.O-O g5 10.Bg3 Nh5 11.Be5 f6 12.Nd2 Ng7 13.Bg3 h5 14.h3 f5 15.f3 f4 16.exf4
Bd6 17.Qe1 h4 18.Bf2 gxf4 19.Nb3 Qf6 20.Rc1 Kf7 21.Na5 Rab8 22.Ne4 dxe4
23.fxe4 Qg5 24.e5 Nf5 25.Qe4 Bb4 26.Nc4 Kg7 27.a3 Be7 28.Rc2 Nb6 29.Nd6 Nd5
30.Nxf5+ Qxf5 {#R} 0-1

[Event "GRENKE Chess Open 2017"]
[Site "Karlsruhe GER"]
[Date "2017.04.17"]
[Round "9.30"]
[White "Stocek,J"]
[Black "Schmidek,Emil"]
[Result "1-0"]
[WhiteElo "2560"]
[BlackElo "2391"]

1.d4 Nf6 2.c4 g6 3.Nc3 d5 4.cxd5 Nxd5 5.e4 Nxc3 6.bxc3 Bg7 7.Bg5 O-O 8.Qd2 c5
9.d5 Qa5 10.Rc1 e6 11.d6 Qa4 12.Bd3 b6 13.Nf3 Bb7 14.O-O Nd7 15.Rfe1 c4 16.Bf1
e5 17.Be7 Rfe8 18.Rcd1 Bc6 19.h4 Bf8 20.Bxf8 Nxf8 21.h5 Kg7 22.Nh2 Bd7 23.h6+
Kg8 24.Qg5 Re6 25.Ng4 Bc6 26.Nf6+ Kh8 27.Be2 Nd7 28.Bg4 Nxf6 29.Bxe6 Nxe4
30.Qxe5+ f6 31.d7 fxe5 32.d8=Q+ Rxd8 33.Rxd8+ Be8 34.Rxe4 {#r} 1-0

[Event "GRENKE Chess Open 2017"]
[Site "Karlsruhe GER"]
[Date "2017.04.17"]
[Round "9.31"]
[White "Sumets,A"]
[Black "Skembris,S"]
[Result "1-0"]
[WhiteElo "2559"]
[BlackElo "2389"]

1.d4 Nf6 2.c4 e6 3.Nc3 d5 4.Nf3 Be7 5.Bf4 O-O 6.e3 a6 7.cxd5 Nxd5 8.Nxd5 exd5
9.Bd3 c6 10.Qc2 Qa5+ 11.Kf1 h6 12.h4 c5 13.Bh7+ Kh8 14.Bf5 Qb5+ 15.Kg1 Bxf5
16.Qxf5 Qd7 17.Qh5 Nc6 18.Bxh6 g6 19.Ne5 Nxe5 20.Qxe5+ f6 21.Qg3 Rg8 22.dxc5
Bxc5 23.Qf3 Qe6 24.g4 d4 25.exd4 Bxd4 26.g5 Rge8 27.h5 Qe2 28.Kg2 Re4 29.Qxe2
Rxe2 30.hxg6 Rxf2+ 31.Kg3 Rxb2 32.gxf6 Bxf6 33.Raf1 Bg7 34.Bc1+ Kg8 35.Bxb2
Bxb2 36.Rh7 b5 37.Rb7 Bc3 38.Rf3 b4 39.a4 a5 40.Rff7 Re8 41.Kf3 Bd4 42.Rfd7
Bc3 43.Rd5 Kf8 44.Rxa5 {#r} 1-0

[Event "GRENKE Chess Open 2017"]
[Site "Karlsruhe GER"]
[Date "2017.04.17"]
[Round "9.33"]
[White "Sadzikowski,D"]
[Black "Garriga Cazorla,Pere"]
[Result "1-0"]
[WhiteElo "2547"]
[BlackElo "2385"]

1.c4 c5 2.Nf3 Nc6 3.d4 cxd4 4.Nxd4 Nf6 5.Nc3 e6 6.g3 Bc5 7.Nb3 Be7 8.Bg2 O-O
9.O-O d6 10.Bf4 h6 11.Rc1 Re8 12.e4 Bf8 13.h3 a6 14.Qe2 Nd7 15.Rfd1 e5 16.Be3
b6 17.Na1 Nc5 18.Nc2 a5 19.Rd2 Ba6 20.Rcd1 Ra7 21.h4 Qb8 22.Na3 Rd7 23.Nab5
Na7 24.Nd5 Nxb5 25.cxb5 Bc8 26.Bxh6 f5 27.exf5 Rf7 28.Be3 Bxf5 29.Bxc5 bxc5
30.Ne3 Be6 31.Bd5 Bxd5 32.Nxd5 e4 33.Qc4 Qc8 34.Re1 Qf5 35.Nc3 e3 36.Rxe3 Rxe3
37.fxe3 Qf3 38.Kh2 Kh8 39.Qd5 Qf1 40.Qh5+ Kg8 41.Qe2 {#r} 1-0

[Event "GRENKE Chess Open 2017"]
[Site "Karlsruhe GER"]
[Date "2017.04.17"]
[Round "9.34"]
[White "Baron,Ta"]
[Black "Loeffler,S"]
[Result "1-0"]
[WhiteElo "2528"]
[BlackElo "2378"]

1.d4 e6 2.e4 d5 3.Nc3 dxe4 4.Nxe4 Qd5 5.Nc3 Bb4 6.Nf3 Nf6 7.Bd3 b6 8.O-O Bxc3
9.bxc3 Ba6 10.Bxa6 Nxa6 11.Qd3 Nb8 12.Ba3 Nbd7 13.c4 Qe4 14.Qd2 c5 15.Rfe1 Qb7
16.d5 O-O 17.dxe6 fxe6 18.Rxe6 Rad8 19.Re7 Qa6 20.Qc3 Nb8 21.Ne5 b5 22.cxb5
{#r} 1-0

[Event "GRENKE Chess Open 2017"]
[Site "Karlsruhe GER"]
[Date "2017.04.17"]
[Round "9.35"]
[White "Schneider,Il"]
[Black "Kvetny,M"]
[Result "1-0"]
[WhiteElo "2516"]
[BlackElo "2377"]

1.e4 e5 2.Nf3 Nf6 3.Nc3 Nc6 4.d4 exd4 5.Nxd4 Bb4 6.Nxc6 bxc6 7.Bd3 d5 8.exd5
cxd5 9.O-O O-O 10.h3 h6 11.Qf3 c6 12.Bf4 Bd6 13.Rfe1 Rb8 14.b3 Rb4 15.Bxd6
Qxd6 16.Na4 c5 17.c3 Rb7 18.c4 d4 19.Qg3 Qxg3 20.fxg3 Rc7 21.Re5 Nd7 22.Re7
Rd8 23.Rf1 f6 24.Rfe1 Rc6 25.Bg6 Ne5 26.Be4 Ra6 27.Rc7 Bd7 28.Bb7 Rxa4 29.Bd5+
Kh8 30.bxa4 Bf5 31.g4 Bg6 32.Re2 Bd3 33.Rb2 Bxc4 34.Bxc4 Nxc4 35.Rbb7 Nd6
36.Rxa7 c4 37.Rd7 Rxd7 38.Rxd7 c3 39.Kf2 c2 40.Rc7 Ne4+ 41.Ke2 Nc3+ 42.Kd2
{#r} 1-0

[Event "GRENKE Chess Open 2017"]
[Site "Karlsruhe GER"]
[Date "2017.04.17"]
[Round "9.37"]
[White "Lampert,J"]
[Black "Meinhardt,Ma"]
[Result "1-0"]
[WhiteElo "2511"]
[BlackElo "2374"]

1.d4 e6 2.c4 d5 3.Nf3 c5 4.cxd5 exd5 5.Nc3 Nc6 6.dxc5 d4 7.Na4 Bxc5 8.Nxc5
Qa5+ 9.Bd2 Qxc5 10.Rc1 Qb6 11.e3 Nf6 12.Bc4 O-O 13.O-O Be6 14.b3 dxe3 15.Bxe3
Qa5 16.Bxe6 fxe6 17.Qe2 Rfe8 18.Rc5 Qa3 19.Rc4 Rad8 20.Bg5 Rd5 21.Re1 Qf8
22.h3 Rf5 23.Bxf6 Qxf6 24.Re4 e5 25.b4 a6 26.a4 Rf8 27.b5 axb5 28.axb5 Nd4
29.Qc4+ Kh8 30.Nxe5 Rxe5 31.Rxe5 Qxf2+ 32.Kh1 Nf3 33.Rf1 {#r} 1-0

[Event "GRENKE Chess Open 2017"]
[Site "Karlsruhe GER"]
[Date "2017.04.17"]
[Round "9.38"]
[White "Hilverda,A"]
[Black "Meskovs,N"]
[Result "0-1"]
[WhiteElo "2396"]
[BlackElo "2510"]

1.d4 Nf6 2.c4 e6 3.Nf3 b6 4.g3 Ba6 5.b3 d5 6.Bg2 Bb4+ 7.Bd2 Be7 8.O-O O-O
9.Bc3 Ne4 10.Bb2 c6 11.Nbd2 f5 12.Ne5 Bd6 13.cxd5 cxd5 14.Ndf3 Nd7 15.Rc1 Rc8
16.Nd3 Qe7 17.Rxc8 Rxc8 18.Qb1 Nc3 19.Bxc3 Rxc3 20.Rd1 Ba3 21.Nfe1 Nb8 22.Bf1
Qc7 23.e3 Nd7 24.Qa1 Rc6 25.Ne5 Nxe5 26.Bxa6 Ng4 27.Bb5 Rc3 28.Bd3 h5 29.Qb1
a5 30.Nc2 Bd6 31.Qb2 h4 32.h3 Nf6 33.gxh4 Ne4 34.Na3 Bxa3 35.Qxa3 Rxd3 {#R}
0-1

[Event "GRENKE Chess Open 2017"]
[Site "Karlsruhe GER"]
[Date "2017.04.17"]
[Round "9.40"]
[White "Kantor,G"]
[Black "Motuz,K"]
[Result "1-0"]
[WhiteElo "2470"]
[BlackElo "2369"]

1.d4 d5 2.Nf3 Nf6 3.c4 c6 4.g3 Bf5 5.Nc3 e6 6.Nh4 Bg4 7.h3 Bh5 8.g4 Bg6 9.Nxg6
hxg6 10.e3 Nbd7 11.a3 Bd6 12.Qf3 a6 13.h4 b5 14.c5 Bc7 15.g5 Ng8 16.h5 Rxh5
17.Rxh5 gxh5 18.Qxh5 Qe7 19.Bd2 g6 20.Qg4 Qf8 21.O-O-O Ne7 22.e4 dxe4 23.Qxe4
Nd5 24.Re1 O-O-O 25.Kb1 Qh8 26.a4 Qh2 27.Qf3 Rf8 28.Nxd5 exd5 29.axb5 axb5
30.Bh3 Rh8 31.Bg4 Bd8 32.Bxd7+ Kxd7 33.Qg4+ {#r} 1-0

[Event "Zurich Korchnoi CC Blitz"]
[Site "Zurich SUI"]
[Date "2017.04.17"]
[Round "4.2"]
[White "Pelletier,Y"]
[Black "Svidler,P"]
[Result "0-1"]
[WhiteElo "2541"]
[BlackElo "2747"]

1.d4 d6 2.Nf3 g6 3.c4 f5 4.Nc3 Nf6 5.g3 Bg7 6.Bg2 O-O 7.O-O c6 8.Rb1 a5 9.b3
Na6 10.Bb2 Bd7 11.d5 Nc5 12.Nd4 Rc8 13.Qc2 f4 14.Rbd1 fxg3 15.hxg3 Qe8 16.e4
Ng4 17.Qe2 g5 18.f3 Ne5 19.Qe3 Qg6 20.Rd2 Rf7 21.g4 h5 22.gxh5 Qxh5 23.Bh1 Ng4
24.Qe2 Rcf8 25.Nd1 Be5 26.Ne3 Rh7 {#R} 0-1

[Event "Zurich Korchnoi CC Blitz"]
[Site "Zurich SUI"]
[Date "2017.04.17"]
[Round "5.4"]
[White "Svidler,P"]
[Black "Oparin,G"]
[Result "1-0"]
[WhiteElo "2747"]
[BlackElo "2604"]

1.Nf3 Nf6 2.g3 b5 3.e3 a6 4.Bg2 Bb7 5.b3 e6 6.O-O Be7 7.c4 O-O 8.Nc3 c5 9.d4
d5 10.cxd5 Nxd5 11.Nxd5 Bxd5 12.dxc5 Bxc5 13.Bb2 Nd7 14.Qe2 Nf6 15.Rfd1 Qe7
16.Ne5 Rac8 17.Bxd5 Nxd5 18.a4 f6 19.Nd3 Bb6 20.axb5 axb5 21.e4 Nc3 22.Bxc3
Rxc3 23.Nf4 Rb8 24.Rd3 Rxd3 25.Qxd3 Qc5 26.Ra2 Rd8 27.Qe2 Qc6 28.Rc2 Qe8 29.h4
Bd4 30.Qg4 f5 31.exf5 exf5 32.Qxf5 Kh8 33.Ne6 Qd7 34.Rc7 g6 35.Rxd7 {#r} 1-0

[Event "Zurich Korchnoi Open 2017"]
[Site "Zurich SUI"]
[Date "2017.04.17"]
[Round "7.3"]
[White "Romanov,E"]
[Black "Motylev,A"]
[Result "0-1"]
[WhiteElo "2640"]
[BlackElo "2658"]

1.Nf3 d5 2.b3 Bg4 3.Ne5 Bf5 4.e3 Nd7 5.Nxd7 Qxd7 6.Bb2 Nf6 7.Be2 e6 8.g4 Bg6
9.d3 O-O-O 10.Nd2 Qe8 11.f4 h5 12.g5 Nd7 13.Bf3 e5 14.f5 Bxf5 15.Bxd5 Bg4
16.Bf3 f5 17.gxf6 Nxf6 18.h3 e4 19.Bxg4+ hxg4 20.Bxf6 gxf6 21.Qxg4+ Kb8
22.Qxe4 Qh5 23.Qf3 Qe5 24.Ke2 f5 25.Qf4 Qc3 26.Qc4 Qf6 27.Nf3 Bh6 28.Rae1 Rhe8
29.Kd2 Re4 30.Qb5 a6 31.Qa5 f4 32.Rhf1 Qb2 33.Rc1 Rxe3 34.Kd1 Rdxd3+ 35.Nd2
Rd8 36.c4 f3 37.Rc2 Qb1+ 38.Rc1 Qd3 {#R} 0-1

[Event "Zurich Korchnoi Open 2017"]
[Site "Zurich SUI"]
[Date "2017.04.17"]
[Round "7.9"]
[White "Zhigalko,A"]
[Black "Zenker,U"]
[Result "1-0"]
[WhiteElo "2577"]
[BlackElo "2150"]

1.c4 e5 2.Nc3 Nc6 3.Nf3 g6 4.d4 exd4 5.Nxd4 Bg7 6.Nxc6 bxc6 7.g3 Ne7 8.Bg2 O-O
9.O-O Rb8 10.Qc2 Nf5 11.e3 Qf6 12.Rb1 a5 13.Rd1 Qe5 14.Bd2 Re8 15.b3 Qe7
16.Na4 Rb4 17.Nb2 h5 18.Nd3 Rb8 19.Bxa5 Rb7 20.Bc3 h4 21.Bxg7 Kxg7 22.Qc3+ f6
23.e4 Nh6 24.Rd2 d6 25.c5 h3 26.Bh1 Nf7 27.Re1 Ng5 28.f4 Nf7 29.e5 fxe5
30.Bxc6 Kg8 31.fxe5 dxc5 32.Qxc5 Qxc5+ 33.Nxc5 {#r} 1-0

[Event "Zurich Korchnoi Open 2017"]
[Site "Zurich SUI"]
[Date "2017.04.17"]
[Round "7.12"]
[White "Friedrich,N"]
[Black "Perunovic,Mil"]
[Result "0-1"]
[WhiteElo "2250"]
[BlackElo "2611"]

1.e4 c5 2.c3 b6 3.d4 Bb7 4.Bd3 Nf6 5.Nd2 e6 6.Ngf3 cxd4 7.cxd4 Be7 8.O-O O-O
9.Re1 Ba6 10.Bb1 Nc6 11.a3 Rc8 12.b4 Re8 13.Bb2 Bf8 14.Ba2 d5 15.e5 Ne4
16.Nxe4 dxe4 17.Rxe4 Ne7 18.Ng5 h6 19.Nxe6 fxe6 20.Bxe6+ Kh8 21.d5 Rc4 22.Re3
Bc8 23.Bf7 Nf5 24.Rh3 Re7 25.e6 Rxf7 26.exf7 Rc7 27.Qh5 Kh7 28.Re1 Qxd5 29.Rc3
Bb7 30.Qg4 Rxf7 {#R} 0-1

[Event "18th ch-EUR Indiv w 2017"]
[Site "Riga LAT"]
[Date "2017.04.17"]
[Round "7.8"]
[White "Javakhishvili,L"]
[Black "Pustovoitova,D"]
[Result "0-1"]
[WhiteElo "2456"]
[BlackElo "2411"]

1.d4 Nf6 2.c4 e6 3.Nf3 Bb4+ 4.Nbd2 O-O 5.a3 Be7 6.e4 d6 7.Be2 c5 8.d5 e5 9.Qc2
Nh5 10.b4 b6 11.bxc5 bxc5 12.Nxe5 Nf4 13.Nd3 Nxg2+ 14.Kd1 f5 15.Rg1 Nh4 16.Bb2
Bf6 17.e5 dxe5 18.Nxe5 Qd6 19.f4 Nd7 20.Nd3 Ng6 21.Rf1 Bxb2 22.Qxb2 Re8 23.Qb5
Qf6 24.Rc1 Qd4 25.Nf3 Qe3 26.Nfe5 Rb8 27.Qa4 Ngxe5 28.fxe5 Rxe5 29.Nxe5 Rb2
{#R} 0-1

[Event "18th ch-EUR Indiv w 2017"]
[Site "Riga LAT"]
[Date "2017.04.17"]
[Round "7.9"]
[White "Kovanova,B"]
[Black "Batsiashvili,N"]
[Result "0-1"]
[WhiteElo "2376"]
[BlackElo "2496"]

1.e4 e5 2.Nf3 d6 3.d4 exd4 4.Nxd4 Nf6 5.Nc3 Be7 6.Be2 O-O 7.O-O Re8 8.Re1 Bf8
9.Bf1 Nbd7 10.Bg5 c6 11.Qd2 h6 12.Bh4 g5 13.Bg3 Nh5 14.Rad1 Nxg3 15.fxg3 Ne5
16.Be2 b5 17.Kh1 b4 18.Na4 c5 19.Nf3 Bb7 20.Bb5 Nxf3 21.gxf3 Re5 22.b3 Qf6
23.Qg2 d5 24.Bd3 Rae8 25.f4 Rxe4 26.Bxe4 dxe4 27.Re3 c4 28.fxg5 Qxg5 29.Qf2 c3
30.Rd7 Re7 31.Rxb7 Rxb7 32.Rxe4 Rd7 33.h4 Rd1+ 34.Re1 Qd5+ 35.Kg1 Rd2 36.Re2
Bg7 37.Kh2 Kh7 38.Qg2 Qxg2+ 39.Rxg2 Bd4 40.Kh3 f5 41.Rh2 Kg6 {#R} 0-1

[Event "18th ch-EUR Indiv w 2017"]
[Site "Riga LAT"]
[Date "2017.04.17"]
[Round "7.13"]
[White "Atalik,E"]
[Black "Sazonova,A"]
[Result "1-0"]
[WhiteElo "2429"]
[BlackElo "2143"]

1.d4 d5 2.c4 c6 3.Nf3 Nf6 4.g3 Bf5 5.Nc3 e6 6.Nh4 dxc4 7.Bg2 h6 8.Nxf5 exf5
9.O-O Be7 10.d5 O-O 11.dxc6 Nxc6 12.Qa4 Rc8 13.Qxc4 Qa5 14.Qb5 Qxb5 15.Nxb5
Ne4 16.Be3 a6 17.Nc3 Nxc3 18.bxc3 Bf6 19.Rac1 Na5 20.Bb6 Nc6 21.Rfd1 Bd8
22.Be3 Ba5 23.c4 Rfd8 24.Rd5 Rxd5 25.cxd5 Ne7 26.Rd1 Rd8 27.Bc5 Nc8 28.d6 Rd7
29.e4 f6 30.exf5 Ne7 31.Rb1 Nxf5 32.Bd5+ Kh8 33.Rxb7 {#r} 1-0

[Event "18th ch-EUR Indiv w 2017"]
[Site "Riga LAT"]
[Date "2017.04.17"]
[Round "7.15"]
[White "Babiy,Olga"]
[Black "Vega Gutierrez,S"]
[Result "0-1"]
[WhiteElo "2359"]
[BlackElo "2413"]

1.e4 c5 2.Nf3 e6 3.d4 cxd4 4.Nxd4 Nc6 5.Nc3 a6 6.Nxc6 bxc6 7.Bd3 d5 8.O-O Qc7
9.Qe2 Bb7 10.b3 Bd6 11.h3 Ne7 12.Bb2 O-O 13.Na4 Ng6 14.Rad1 f5 15.exf5 Nf4
16.Qe3 e5 17.f3 Qe7 18.g3 Nxd3 19.Qxd3 Qg5 20.g4 Qh4 21.Kg2 Rae8 22.Rde1 h5
23.Qc3 Rf7 24.f4 hxg4 25.fxe5 d4 26.Qg3 c5+ 27.Kh2 Rxe5 {#R} 0-1

[Event "18th ch-EUR Indiv w 2017"]
[Site "Riga LAT"]
[Date "2017.04.17"]
[Round "7.18"]
[White "Pogonina,N"]
[Black "Gara,T"]
[Result "1-0"]
[WhiteElo "2478"]
[BlackElo "2325"]

1.d4 Nf6 2.c4 e6 3.Nf3 d5 4.e3 Bb4+ 5.Bd2 Be7 6.Nc3 O-O 7.Qc2 c5 8.dxc5 Bxc5
9.cxd5 exd5 10.Be2 Nc6 11.O-O Bg4 12.Rfd1 Qe7 13.Be1 Rac8 14.Nxd5 Nxd5 15.Rxd5
Bxe3 16.Qd3 Bh6 17.Ng5 Bxg5 18.Bxg4 Ne5 19.Rxe5 Qxe5 20.Bxc8 Rxc8 21.Bc3 Qc7
22.Re1 h6 23.g3 Qc6 24.Qf5 Re8 25.Rxe8+ Qxe8 26.h4 Bd8 27.Qg4 f6 28.Qc8 Qe7
29.Qa8 b6 30.Qd5+ Kh7 31.Bd2 Bc7 32.Be3 Bd6 33.Kg2 Qe5 34.Qd3+ Kg8 35.Bf4 Qxb2
36.Qd5+ Kh7 37.Bxd6 {#r} 1-0

[Event "18th ch-EUR Indiv w 2017"]
[Site "Riga LAT"]
[Date "2017.04.17"]
[Round "7.22"]
[White "Szczepkowska Horowska,K"]
[Black "Buksa,N"]
[Result "0-1"]
[WhiteElo "2414"]
[BlackElo "2314"]

1.d4 Nf6 2.c4 e6 3.Nf3 a6 4.Nc3 d5 5.cxd5 exd5 6.Bg5 Be6 7.e3 Nbd7 8.Bd3 h6
9.Bh4 g5 10.Bg3 Nh5 11.Qc2 Nxg3 12.hxg3 Bg7 13.O-O-O c6 14.Kb1 Rc8 15.Rhe1 b5
16.e4 O-O 17.Rh1 Re8 18.Rde1 Qb6 19.Qd2 b4 20.Na4 Qa5 21.b3 dxe4 22.Rxe4 Bf5
23.Rxe8+ Rxe8 24.Rc1 Qd5 25.Nc5 g4 26.Nxd7 gxf3 27.Nc5 Qxd4 28.gxf3 Bxd3+
29.Nxd3 Qa1+ 30.Kc2 Qxa2+ 31.Kd1 Qxb3+ 32.Qc2 Qd5 {#R} 0-1

[Event "18th ch-EUR Indiv w 2017"]
[Site "Riga LAT"]
[Date "2017.04.17"]
[Round "7.33"]
[White "Chan,Na"]
[Black "Mammadova,G"]
[Result "0-1"]
[WhiteElo "1981"]
[BlackElo "2357"]

1.e4 g6 2.d4 Bg7 3.Nc3 c6 4.Nf3 d6 5.Bd3 Nd7 6.O-O e5 7.dxe5 dxe5 8.Be3 Ngf6
9.Qd2 O-O 10.Rad1 Qe7 11.Bh6 Nc5 12.Bxg7 Kxg7 13.Qg5 Re8 14.Nh4 h6 15.Qe3 Ne6
16.Ne2 Ng4 17.Qg3 Nf4 18.Nf5+ gxf5 19.exf5 Qg5 20.h4 Nxe2+ 21.Bxe2 Qxf5 {#R}
0-1

[Event "18th ch-EUR Indiv w 2017"]
[Site "Riga LAT"]
[Date "2017.04.17"]
[Round "7.34"]
[White "Lazarne Vajda,Szidonia"]
[Black "Sandu,Mi"]
[Result "1-0"]
[WhiteElo "2355"]
[BlackElo "2261"]

1.e4 c5 2.Nf3 e6 3.d4 cxd4 4.Nxd4 a6 5.Bd3 Ne7 6.O-O Nbc6 7.Nxc6 Nxc6 8.Be3
Be7 9.f4 d6 10.c4 O-O 11.Nc3 Rb8 12.Rc1 Bf6 13.Bb1 Be7 14.Rf2 g6 15.a3 b6
16.Rd2 Na5 17.Ba2 Qc7 18.Qf1 Bd7 19.b4 Nc6 20.Bb1 Qb7 21.f5 Rfd8 22.Bh6 Ne5
23.f6 Bf8 24.Bxf8 Rxf8 25.Rxd6 Kh8 26.Rcd1 Be8 27.Qf4 Nd7 28.e5 Rg8 29.Ne4 Nf8
30.Ng5 Rc8 31.Rd8 Qc7 32.Rxc8 Qxc8 33.Rd3 Qc6 34.Nxh7 {#r} 1-0

[Event "18th ch-EUR Indiv w 2017"]
[Site "Riga LAT"]
[Date "2017.04.17"]
[Round "7.41"]
[White "Unuk,Laura"]
[Black "Lickrastina,Agnese"]
[Result "1-0"]
[WhiteElo "2275"]
[BlackElo "2223"]

1.d4 d5 2.c4 e6 3.Nf3 Nf6 4.g3 a6 5.Bg2 Nbd7 6.Qc2 Bb4+ 7.Bd2 Bxd2+ 8.Nbxd2
O-O 9.O-O Rb8 10.Rac1 c6 11.Rfd1 Qe7 12.e4 dxe4 13.Nxe4 Nxe4 14.Qxe4 Re8
15.Re1 Qd6 16.Rcd1 Nf6 17.Qh4 Bd7 18.g4 h6 19.g5 Nh7 20.gxh6 g6 21.Ne5 Qe7
22.Qg3 Red8 23.h4 Be8 24.Re4 Qf8 25.h5 Qxh6 26.hxg6 fxg6 27.Rh4 Qg7 28.Be4 Nf8
29.Rg4 Rbc8 30.Bxg6 Nxg6 31.Nxg6 Kh7 32.Qh4+ Qh6 33.Nf8+ {#r} 1-0

[Event "18th ch-EUR Indiv w 2017"]
[Site "Riga LAT"]
[Date "2017.04.17"]
[Round "7.45"]
[White "Balajayeva,Khanim"]
[Black "Osmanodja,F"]
[Result "0-1"]
[WhiteElo "2196"]
[BlackElo "2370"]

1.e4 c5 2.c3 Qa5 3.Nf3 Nc6 4.Na3 e6 5.e5 f6 6.Bb5 fxe5 7.Bxc6 bxc6 8.Nxe5 Nf6
9.O-O Be7 10.d3 Qc7 11.Re1 O-O 12.Bg5 Rb8 13.Qd2 d6 14.Nec4 h6 15.Bh4 g5
16.Bg3 Nh5 17.Qe3 Nxg3 18.Qxg3 Rf4 19.Re2 d5 20.Ne5 Bd6 21.Ng4 Kh7 22.Rae1 Qg7
23.f3 h5 24.Ne5 Rf5 25.d4 Ba6 26.Re3 Rxb2 27.Qh3 h4 28.Nxc6 Bc8 29.Qg4 Qg6
30.R3e2 Rxe2 31.Rxe2 Rf4 32.Qh3 Qd3 33.Kf2 cxd4 34.Nc2 Qxc3 35.Ne1 Qxc6 36.Nd3
e5 37.g4 Bxg4 {#R} 0-1

[Event "18th ch-EUR Indiv w 2017"]
[Site "Riga LAT"]
[Date "2017.04.17"]
[Round "7.50"]
[White "Gueci,Tea"]
[Black "Golubenko,Valen"]
[Result "0-1"]
[WhiteElo "2132"]
[BlackElo "2271"]

1.e4 e6 2.d4 d5 3.Nd2 a6 4.c3 c5 5.exd5 exd5 6.Ngf3 Nf6 7.Be2 Nc6 8.dxc5 Bxc5
9.Nb3 Ba7 10.O-O h6 11.Nbd4 O-O 12.Bf4 Re8 13.Rc1 Bg4 14.h3 Bh5 15.Nxc6 bxc6
16.g4 Nxg4 17.hxg4 Bxg4 18.Nd4 Rxe2 19.Nxe2 Qf6 20.Bg3 Re8 21.Re1 Qf3 22.Nd4
Rxe1+ 23.Qxe1 Bxd4 24.Kh2 Qf5 25.f3 Qh5+ 26.Bh4 Be5+ 27.Kg1 Bxf3 28.Qf2 Qg4+
29.Kf1 Qh3+ 30.Kg1 Qh1# 0-1

[Event "18th ch-EUR Indiv w 2017"]
[Site "Riga LAT"]
[Date "2017.04.17"]
[Round "7.51"]
[White "Azimova,K"]
[Black "Mamedjarova,T"]
[Result "0-1"]
[WhiteElo "2072"]
[BlackElo "2267"]

1.e4 e5 2.Nc3 Bc5 3.Bc4 Nf6 4.f4 d6 5.Nf3 Nc6 6.d3 Bg4 7.Na4 Qe7 8.Nxc5 dxc5
9.c3 O-O-O 10.Qe2 exf4 11.Bxf4 Nh5 12.Qe3 h6 13.O-O-O g5 14.Bg3 Nxg3 15.hxg3
Be6 16.Bxe6+ Qxe6 17.Kb1 Qd6 18.Qf2 Rhe8 19.Rhe1 b6 20.Nh2 Qg6 21.g4 c4 22.Qe2
Qd6 23.Nf3 cxd3 24.Qd2 Kb7 25.b4 a6 26.a4 Qe6 27.Qa2 Qxg4 28.b5 axb5 29.axb5
Na5 30.Qxf7 Rxe4 31.Qf6 Rxe1 32.Rxe1 Qxg2 33.Rc1 d2 34.Rd1 Qe2 35.Kc2 Qd3+
36.Kb2 Qxb5+ {#R} 0-1

[Event "18th ch-EUR Indiv w 2017"]
[Site "Riga LAT"]
[Date "2017.04.17"]
[Round "7.52"]
[White "Limanovska,Elizabete"]
[Black "Mammadova,Narmin"]
[Result "0-1"]
[WhiteElo "1990"]
[BlackElo "2240"]

1.e4 e6 2.d4 d5 3.Nd2 Be7 4.e5 Nh6 5.Bd3 c5 6.c3 Nc6 7.Ne2 cxd4 8.cxd4 Qb6
9.Nf3 Nf5 10.O-O Bd7 11.Bb1 h6 12.g4 Nh4 13.Nxh4 Bxh4 14.b3 Be7 15.Kh1 O-O-O
16.Be3 f6 17.exf6 gxf6 18.Nc3 Qa5 19.Na4 Be8 20.Qe2 h5 21.f3 Qc7 22.Bd3 Kb8
23.Rac1 hxg4 24.fxg4 Bd6 25.Bg1 Qe7 26.Qf2 Rh6 27.Nc5 b6 28.Na4 Bd7 29.Bb5 Kb7
30.Rc3 Rdh8 31.Rfc1 Qh7 32.Bxc6+ Bxc6 33.Rxc6 Qe4+ 34.Qg2 Rxh2+ {#R} 0-1